Showroom Audi v Bratislave

Guardado en:
Detalles Bibliográficos
Autor principal: Sabaka, Peter (Autor)
Otros Autores: Brodniansky, Ján (Orientador)
Formato: Manuscrito Libro
Lenguaje:eslovaco
Publicado: 2017
Materias:
Acceso en línea:http://is.stuba.sk/zp/portal_zp.pl?podrobnosti=132287
https://opac.crzp.sk/?fn=detailBiblioForm&sid=CBCDB6E5622FB9C0D15B4028BE80
Etiquetas: Agregar Etiqueta
Sin Etiquetas, Sea el primero en etiquetar este registro!

MARC

LEADER 00000ntm a22000003a 4500
001 stuzp63162
003 SK-STU
005 20230817134136.7
007 ta
008 150427s2015----xo-----f-mn---000-0-slo-d
040 |a STU  |b slo 
041 0 |a slo 
100 1 |a Sabaka, Peter  |u 010190  |4 aut  |U SvF Stavebná fakulta  |T SvF Katedra kovových a drevených konštrukcií  |X 42127  |U V190  |Y 21  |7 A000042127 
242 0 1 |a Audi Showroom in Bratislave  |y eng 
245 1 0 |a Showroom Audi v Bratislave 
260 |c 2017 
650 4 |a Statická analýza  |2 slo 
650 4 |a Strecha  |2 slo 
650 4 |a Oceľová konštrukcia  |2 slo 
650 4 |a Roof  |2 eng 
650 4 |a Steel structure  |2 eng 
650 4 |a Structural analysis  |2 eng 
700 1 |a Brodniansky, Ján  |u 010190  |k Z1  |4 ths  |U SvF Stavebná fakulta  |T SvF Katedra kovových a drevených konštrukcií  |X 1013  |U V190  |Y 21  |7 A000001013 
856 4 |u http://is.stuba.sk/zp/portal_zp.pl?podrobnosti=132287 
856 4 |u https://opac.crzp.sk/?fn=detailBiblioForm&sid=CBCDB6E5622FB9C0D15B4028BE80